Cities by Time Lost in Traffic - Statistics

General Stats
  • This quiz has been taken 23 times
  • The average score is 15 of 20
Answer Stats
Hours Lost Country City % Correct
158 Ireland Dublin
100%
148 United Kingdom London
95%
152 Mexico Mexico City
95%
137 Italy Milan
95%
157 Peru Lima
90%
120 France Paris
90%
107 Italy Rome
90%
112 Greece Athens
86%
150 Romania Bucharest
86%
104 Belgium Brussels
81%
105 Philippines Manila
81%
112 United States New York
81%
105 Brazil Sao Paulo
81%
117 Colombia Bogota
76%
117 Indonesia Jakarta
76%
132 India Bangalore
57%
109 Brazil Belo Horizonte
43%
128 India Pune
33%
116 Brazil Recife
24%
111 France Bordeaux
19%
No matching quizzes found
Score Distribution
Percent of People with Each Score
Percentile by Number Answered
Your Score History
You have not taken this quiz